Three sides of life : (Record no. 5854)
[ view plain ]
| 000 -LEADER | |
|---|---|
| fixed length control field | 00647 a2200193 4500 |
| 010 ## - LCCN (DPL NO) | |
| LC control number | ENG-86981 |
| 020 ## - INTERNATIONAL STANDARD BOOK NUMBER | |
| International Standard Book Number | 0195685857 |
| Terms of availability | 350.00 |
| 035 ## - SYSTEM CONTROL NUMBER | |
| System control number | EN-70514 |
| 037 ## - SOURCE OF ACQUISITION | |
| Source of stock number/acquisition | DBAD / PUB |
| 082 14 - DEWEY DECIMAL CLASSIFICATION NUMBER | |
| Classification number | S |
| 245 1# - TITLE STATEMENT | |
| Title | Three sides of life : |
| Statement of responsibility, etc | by Ashapurna Devi...[et al.] ;edited by Saumitra Chakravarty |
| Remainder of title | short stories by Bengali women writers / |
| 260 ## - PUBLICATION, DISTRIBUTION, ETC. (IMPRINT) | |
| Place of publication, distribution, etc | New Delhi |
| Name of publisher, distributor, etc | Oxford University Press |
| Date of publication, distribution, etc | 2007 |
| 270 ## - ADDRESS | |
| Address | Y.M.C.A . Library building, Jai Singh Road, |
| City | New Delhi |
| Postal code | 110 001 |
| 300 ## - PHYSICAL DESCRIPTION | |
| Extent | xxxvi, 195 p |
| Dimensions | 21 cm (Hb) |
| 500 ## - GENERAL NOTE | |
| General note | Includes glossary |
| 700 1# - ADDED ENTRY--PERSONAL NAME | |
| Personal name | Ashapurna Devi |
| 700 1# - ADDED ENTRY--PERSONAL NAME | |
| Personal name | Chakravarty, Saumitra |
| 942 ## - ADDED ENTRY ELEMENTS (KOHA) | |
| Institution code [OBSOLETE] | dpl |
| Item type | English Books |
| Source of classification or shelving scheme | Dewey Decimal Classification |
| Classification part | S |
| Call number suffix | THE |
| Withdrawn status | Lost status | Not for loan | Collection code | Home library | Current library | Source of acquisition | Cost, normal purchase price | Full call number | Barcode | Copy number | Cost, replacement price | Koha item type |
|---|---|---|---|---|---|---|---|---|---|---|---|---|
| Not For Loan | Fiction | D.B.Act.Division | D.B.Act.Division | DBAD/PUB | 350.00 | S THE | EN-70514 | 1 | 350.00 | English Books |
